[Event "SVK-ch U14"]
[Site "Liptovsky Mikulas"]
[Date "2005.04.15"]
[Round "7"]
[White "Uhrin, Radoslav"]
[Black "Mraz, Martin"]
[Result "0-1"]
[WhiteElo "1350"]
[BlackElo "1350"]
[PlyCount "100"]
[EventDate "2005.04.11"]
[EventType "swiss"]
[EventRounds "9"]
[EventCountry "SVK"]
[SourceTitle "EXT 2008"]
[Source "ChessBase"]
[SourceDate "2007.11.25"]
[SourceVersion "1"]
[SourceVersionDate "2007.11.25"]
[SourceQuality "1"]

1. e4 e5 2. Bc4 Nf6 3. d3 Nc6 4. Bg5 h6 5. Bh4 Be7 6. Nc3 0-0 7. Bxf6 Bxf6 8. Nd5 Bg5 9. g3 Ne7 10. h4 Nxd5 11. hxg5 Nb6 12. gxh6 Qg5 13. h7+ Kh8 14. Bb3 d6 15. Nf3 Qf6 16. Nd2 Be6 17. Bxe6 fxe6 18. f3 Qg6 19. g4 d5 20. Qe2 d4 21. 0-0-0 a5 22. Rdg1 Na4 23. b3 Nc3 24. Qh2 Qg5 25. Rf1 Nxa2+ 26. Kb2 Nc3 27. Rf2 a4 28. bxa4 Rxa4 29. Ra1 Rxa1 30. Kxa1 Ra8+ 31. Kb2 Nd1+ 32. Kb3 Nxf2 33. Qxf2 Kxh7 34. Qh2+ Qh6 35. Qh5 Qxh5 36. gxh5 Kh6 37. Nc4 Kxh5 38. Nxe5 c5 39. Kc4 b6 40. Nd7 Ra2 41. Kb3 Ra1 42. Kb2 Rf1 43. Nxb6 Rxf3 44. Nc4 Rf2 45. Ne5 g5 46. Kb3 g4 47. Nxg4 Kxg4 48. c3 dxc3 49. Kxc3 Kf4 50. Kb3 Ke3 0-1